书目信息 |
| 题名: |
网络科学视角下的互联网金融系统性风险研究
|
|
| 作者: | 米传民 著 | |
| 分册: | ||
| 出版信息: | 北京 科学出版社 2024.08 |
|
| 页数: | 150页 | |
| 开本: | 24cm | |
| 丛书名: | 南京航空航天大学可持续发展研究丛书 | |
| 单 册: | ||
| 中图分类: | F832.29 | |
| 科图分类: | ||
| 主题词: | 互联网络--应用--金融风险--风险管理--研究--中国 | |
| 电子资源: | ||
| ISBN: | 978-7-03-077696-9 | |
| 000 | 01106nam0 2200265 450 | |
| 001 | 013153013 | |
| 005 | 20251022183729.34 | |
| 010 | @a978-7-03-077696-9@dCNY118.00 | |
| 100 | @a20240927d2024 em y0chiy0120 ea | |
| 101 | 0 | @achi |
| 102 | @aCN@b110000 | |
| 105 | @aak z 000yy | |
| 106 | @ar | |
| 200 | 1 | @a网络科学视角下的互联网金融系统性风险研究@9wang luo ke xue shi jiao xia de hu lian wang jin rong xi tong xing feng xian yan jiu@f米传民[等]著 |
| 210 | @a北京@c科学出版社@d2024.08 | |
| 215 | @a150页@c图@d24cm | |
| 225 | 1 | @a南京航空航天大学可持续发展研究丛书 |
| 304 | @a著者还有:张婷、钱媛媛、叶楠 | |
| 330 | @a本书结合大数据、机器学习发展,运用复杂网络和超网络等网络模型,研究互联网金融发展下的我国互联网金融风险以及由此带来的整个金融系统风险问题,从而为金融监管部门制定相关监管政策、促进金融系统稳定可持续发展提供理论支撑。 | |
| 461 | 0 | @12001 @a南京航空航天大学可持续发展研究丛书 |
| 606 | 0 | @a互联网络@x应用@x金融风险@x风险管理@x研究@y中国 |
| 690 | @aF832.29@v5 | |
| 701 | 0 | @a米传民@9mi chuan min@4著 |
| 801 | 0 | @aCN@c20250910 |
| 905 | @a河南城建学院图书馆@dF832.29@eM649@ZM649@f1 | |
| 网络科学视角下的互联网金融系统性风险研究/米传民[等]著.-北京:科学出版社,2024.08 |
| 150页:图;24cm.-(南京航空航天大学可持续发展研究丛书) |
| ISBN 978-7-03-077696-9:CNY118.00 |
| 本书结合大数据、机器学习发展,运用复杂网络和超网络等网络模型,研究互联网金融发展下的我国互联网金融风险以及由此带来的整个金融系统风险问题,从而为金融监管部门制定相关监管政策、促进金融系统稳定可持续发展提供理论支撑。 |
| ● |
| 相关链接 |
|
|
|
正题名:网络科学视角下的互联网金融系统性风险研究
索取号:F832.29/M649
 
预约/预借
| 序号 | 登录号 | 条形码 | 馆藏地/架位号 | 状态 | 备注 |
| 1 | 1633929 | 216339291 | 社科库409/409社科库 54排2列3层/ [索取号:F832.29/M649] | 在馆 |